000
00309nam a22001457a 4500
008
210308b ||||| |||| 00| 0 eng d
020
_a
9780023795459
041
_a
eng
080
_a
004
082
_a
004
100
_a
28
101
_a
SHKI
245
_a
Information Systems
_c
McLeod, R
942
_2
udc
_c
BK
999
_c
56013
_d
56013